| 000 | 00845nam a22002297a 4500 | ||
|---|---|---|---|
| 999 |
_c1604 _d1604 |
||
| 003 | AR-CdUCM | ||
| 008 | 190227b ||||| |||| 00| 0 spa d | ||
| 040 |
_aMUNICIPALIDAD PROVINCIAL DEL CUSCO _cBIBLIOTECA MUNICIPAL DEL CUSCO |
||
| 082 |
_22da. _a869.5039 / _bC29 |
||
| 100 |
_aCastro Arenas, Mario _94396 |
||
| 245 | _aLa novela peruana y la evolución social / | ||
| 260 |
_aLima : _bEd. J. Godard, _c1965 |
||
| 300 |
_a288 páginas ; _c21 cm. |
||
| 505 | _aEl lazarillo de ciegos y caminantes - El lazarillo y la vida social del siglo XVIII - Narciso Aristegui y el nacimiento de la novela - La novela románica... | ||
| 650 |
_aNovela romántica. _96013 |
||
| 650 |
_aNaturalismo. _9522 |
||
| 650 |
_aRealismo. _9520 |
||
| 650 |
_aModernismo. _9519 |
||
| 650 |
_aNeo realismo, _96014 |
||
| 942 |
_2ddc _cLIBROS |
||
| 945 |
_admma _d2019-02-27 |
||